| 000 | 00666nam a2200157 a 4500 | ||
|---|---|---|---|
| 008 | 120416s1962 ||||||||||||||||| || u | ||
| 050 | _aT 11 Win | ||
| 100 | _aWinfrey, Robley | ||
| 245 | 1 | 0 | _aTechnical and business report preparation |
| 250 | _a3rd.ed | ||
| 260 |
_aAmes, Iowa _bThe Iowa State University Press _c1962 |
||
| 300 | _ax, 340p. | ||
| 350 | _a0.00 | ||
| 995 |
_aANNEX COLLECTION (Main Library) _D0.00 _e718438 _FCBU-MAIN LIBRARY (Kitwe) _H2 _I7.95 _jT 11 Win _M1 _UAVAILABLE _y014256 _ZAnnex Low-Usage Collection |
||
| 995 |
_aBINDERY (DAMAGED) _D0.00 _e715906 _FCBU-MAIN LIBRARY (Kitwe) _H1 _I7.95 _jT 11 Win _M1 _UDAMAGED _y014257 _ZMain Library Open Access Collection |
||
| 999 |
_c80950 _d80950 |
||